000 00794cam a22002771 4500
001 7005853
003 ARRUPE
005 20220506095005.0
008 730216s1957 enk b 000 0 eng c
010 _aa 58000234
015 _aGB57-11034
035 _a(OCoLC)560312
040 _aRochester. Univ. Libr.
_cOAU
_dOCoLC
_dUk
_dDLC
042 _apremarc
050 0 0 _aB1615
_b.P3
082 _a192
100 1 _aPassmore, John Arthur.
_936160
245 1 2 _aA hundred years of philosophy.
_cJohn Passmore
260 _aLondon,
_bDuckworth
_c[1957]
300 _a523 p.
_c22 cm.
504 _aBibliography: p. 479-502.
650 0 _aPhilosophy, English.
_934017
650 0 _aPhilosophy
_xHistory.
_91338
906 _a7
_bcbc
_coclcrpl
_du
_encip
_f19
_gy-gencatlg
942 _2lcc
_cMONOGRAPH
999 _c131376
_d131376